00436 2200181 4500001002100000005001500021035002000036008004100056245004300097100001400140250000600154260003400160300001200194084001400206082000800220650001400228990001200242INLIS00000000000019120240502022610 a0010-0424000167240502 0 ind 1 aAndai Surga & Neraka Tiada /cNur Aris aAris, Nur a1 aJakarta :bInti Medina,c2009 a130 hlm a200 NUR a a200 4aNon Fiksi a0732463